Théatre / (Record no. 125645)

MARC details
000 -LEADER
campo de control de longitud fija 00914nam a2200217 i 4500
001 - NÚMERO DE CONTROL
campo de control 125645
003 - IDENTIFICADOR DE NÚMERO DE CONTROL
campo de control ES-MaACL
005 - FECHA Y HORA DE LA ÚLTIMA TRANSACCIÓN
campo de control 20260304174106.0
007 - CAMPO FIJO DE DESCRIPCIÓN FÍSICA--INFORMACIÓN GENERAL
campo de control de longitud fija t|
008 - DATOS DE LONGITUD FIJA--INFORMACIÓN GENERAL
campo de control de longitud fija 070621q19001930fr ||||1| fre d
100 0# - ENTRADA PRINCIPAL--NOMBRE DE PERSONA
Nombre de persona Vigny, Alfred de,
Fechas asociadas al nombre 1797-1863
9 (RLIN) 114659
245 10 - MENCIÓN DEL TÍTULO
Título Théatre /
Mención de responsabilidad, etc. Alfred de Vigny ; Notes et commentaires par Léon Séché.
260 ## - PUBLICACIÓN, DISTRIBUCIÓN, ETC.
Lugar de publicación, distribución, etc. Paris :
Nombre del editor, distribuidor, etc. Mignot,
Fecha de publicación, distribución, etc. [19--?]
300 ## - DESCRIPCIÓN FÍSICA
Extensión 3 v. ;
Dimensiones 17 cm.
490 1# - MENCIÓN DE SERIE
Mención de serie Oeuvres completes / Alfred de Vigny
505 8# - NOTA DE CONTENIDO CON FORMATO
Nota de contenido con formato Contiene: V. 1. Compositions d'après Shakespeare. Shylock. Otello -- v. 2. La Meréchale d'Angre quitte pour le peur -- v. 3. Chatterton. Suivi de Mademoiselle Sedaine et de la Propriété Littéraire et du Discours de Réception áa l'Academie Française.
700 1# - ENTRADA AGREGADA--NOMBRE PERSONAL
Nombre de persona Séché, Léon.
9 (RLIN) 105037
830 0# - PUNTO DE ACCESO ADICIONAL DE SERIE-TÍTULO UNIFORME
Título uniforme Oeuvres completes / Alfred de Vigny
9 (RLIN) 186654
852 ## - LOCALIZACIÓN
Ubicación ES-MaACL
Número de control de estantería C-17870-2
Holdings
Estatus retirado Estado de pérdida Estado de daño No para préstamo Colección Biblioteca de origen Biblioteca actual Ubicación en estantería Fecha de adquisición Fuente de adquisición Total de préstamos Signatura topográfica completa Código de barras Visto por última vez Precio de reemplazo Tipo de ítem Koha
        Libros del s. XIX Biblioteca del Ateneo de Madrid Biblioteca del Ateneo de Madrid Sala Palomar 17/01/2008     C-17870-2 1130886 23/02/2023 23/02/2023 Libro impreso antiguo